The Legend of Zelda Official Timeline - Statistics

General Stats
  • This quiz has been taken 277 times
    271 since last reset
  • The average score is 13 of 19
Answer Stats
Answer % Correct
Skyward Sword
90%
Breath of the Wild
82%
Majora's Mask
80%
Ocarina of Time
80%
Tears of the Kingdom
80%
The Minish Cap
76%
The Wind Waker
75%
Four Swords
72%
Twilight Princess
70%
A Link to the Past
68%
Phantom Hourglass
66%
Spirit Tracks
66%
Link's Awakening
63%
Oracle of Seasons & Oracle of Ages
56%
The Legend of Zelda
56%
The Adventure of Link
54%
A Link Between Worlds
51%
Four Swords Adventures
49%
Triforce Heroes
42%
No matching quizzes found
Score Distribution
Percent of People with Each Score
Percentile by Number Answered
Your Score History
You have not taken this quiz since the last reset